<?xml version="1.0" encoding="UTF-8"?>
<collection xmlns="http://www.loc.gov/MARC21/slim">
 <record>
  <leader>01299ntm a22002895a 4500</leader>
  <controlfield tag="001">EAD.ead000763</controlfield>
  <controlfield tag="008">070424s2006####ag#######bm###000#0#spa#d</controlfield>
  <controlfield tag="005">20160812104939.0</controlfield>
  <datafield tag="245" ind1="1" ind2="0">
   <subfield code="a">Desarrollo acuícola :</subfield>
   <subfield code="b">análisis de factibilidad de un emprendimiento mitícola en el golfo de San Matías, provincia de Río Negro /</subfield>
   <subfield code="c">Gonzalo Omar Lagos.</subfield>
  </datafield>
  <datafield tag="260" ind1=" " ind2=" ">
   <subfield code="c">2006.</subfield>
  </datafield>
  <datafield tag="300" ind1=" " ind2=" ">
   <subfield code="a">78 h. ;</subfield>
   <subfield code="c">30 cm.</subfield>
  </datafield>
  <datafield tag="502" ind1=" " ind2=" ">
   <subfield code="a">Tesis (licenciatura)--Universidad Nacional del Sur. Departamento de Ciencias de la Administración, 2006.</subfield>
  </datafield>
  <datafield tag="500" ind1=" " ind2=" ">
   <subfield code="a">Director de tesis: María Cristina Lagier.</subfield>
  </datafield>
  <datafield tag="500" ind1=" " ind2=" ">
   <subfield code="a">Colaborador especial: Gastón Milanesi.</subfield>
  </datafield>
  <datafield tag="504" ind1=" " ind2=" ">
   <subfield code="a">Incluye referencias bibliográficas.</subfield>
  </datafield>
  <datafield tag="530" ind1=" " ind2=" ">
   <subfield code="a">También disponible en formato digital.</subfield>
  </datafield>
  <datafield tag="100" ind1="1" ind2=" ">
   <subfield code="a">Lagos, Gonzalo Omar.</subfield>
   <subfield code="4">dis</subfield>
  </datafield>
  <datafield tag="700" ind1="1" ind2=" ">
   <subfield code="a">Lagier, María Cristina.</subfield>
   <subfield code="4">ths</subfield>
  </datafield>
  <datafield tag="700" ind1="1" ind2=" ">
   <subfield code="a">Milanesi, Gastón S.</subfield>
   <subfield code="q">(Gastón Silverio)</subfield>
   <subfield code="4">clb</subfield>
  </datafield>
  <datafield tag="710" ind1="2" ind2=" ">
   <subfield code="a">Universidad Nacional del Sur.</subfield>
   <subfield code="b">Departamento de Ciencias de la Administración</subfield>
   <subfield code="4">dgg.</subfield>
  </datafield>
  <datafield tag="082" ind1="0" ind2="4">
   <subfield code="a">639.42</subfield>
   <subfield code="2">21</subfield>
  </datafield>
  <datafield tag="650" ind1=" " ind2="7">
   <subfield code="a">Acuicultura.</subfield>
   <subfield code="2">unbist</subfield>
  </datafield>
  <datafield tag="653" ind1=" " ind2=" ">
   <subfield code="a">Mejillones</subfield>
  </datafield>
  <datafield tag="650" ind1=" " ind2="7">
   <subfield code="a">Análisis de inversiones.</subfield>
   <subfield code="2">unbist</subfield>
  </datafield>
  <datafield tag="653" ind1=" " ind2=" ">
   <subfield code="a">Tesis digitales</subfield>
  </datafield>
  <datafield tag="859" ind1=" " ind2=" ">
   <subfield code="a">AR-BaBDC</subfield>
   <subfield code="b">BIB. ADMINISTRACION - Tesis</subfield>
   <subfield code="h">639.42</subfield>
   <subfield code="i">L137</subfield>
   <subfield code="k">T</subfield>
   <subfield code="p">b05535</subfield>
  </datafield>
  <datafield tag="859" ind1=" " ind2=" ">
   <subfield code="a">AR-BaBDC</subfield>
   <subfield code="b">BIB. ADMINISTRACION - Tesis</subfield>
   <subfield code="h">639.42</subfield>
   <subfield code="i">L137</subfield>
   <subfield code="k">T</subfield>
   <subfield code="p">b05814</subfield>
   <subfield code="v">CD</subfield>
   <subfield code="3">CD-ROM</subfield>
  </datafield>
 </record>
</collection>
